<?xml version="1.0" encoding="UTF-8"?>
<record
    xmlns:xsi="http://www.w3.org/2001/XMLSchema-instance"
    xsi:schemaLocation="http://www.loc.gov/MARC21/slim http://www.loc.gov/standards/marcxml/schema/MARC21slim.xsd"
    xmlns="http://www.loc.gov/MARC21/slim">

  <leader>01625nam0a22003131  4500</leader>
  <controlfield tag="001">v19\rc\1525438</controlfield>
  <controlfield tag="005">20250618173216.0</controlfield>
  <datafield tag="035" ind1=" " ind2=" ">
    <subfield code="a">(NLR Aleph) 004646919</subfield>
  </datafield>
  <datafield tag="090" ind1=" " ind2=" ">
    <subfield code="a">3369660</subfield>
    <subfield code="c">3369660</subfield>
  </datafield>
  <datafield tag="100" ind1=" " ind2=" ">
    <subfield code="a">20060620d1886    |||y0rusy50      ca</subfield>
  </datafield>
  <datafield tag="101" ind1="0" ind2=" ">
    <subfield code="a">rus</subfield>
  </datafield>
  <datafield tag="102" ind1=" " ind2=" ">
    <subfield code="a">RU</subfield>
  </datafield>
  <datafield tag="105" ind1=" " ind2=" ">
    <subfield code="a">a   z   |||||</subfield>
  </datafield>
  <datafield tag="200" ind1="1" ind2=" ">
    <subfield code="a">&#x420;&#x443;&#x43A;&#x43E;&#x432;&#x43E;&#x434;&#x441;&#x442;&#x432;&#x43E; &#x43F;&#x440;&#x44F;&#x43C;&#x43E;&#x43B;&#x438;&#x43D;&#x435;&#x439;&#x43D;&#x43E;&#x439; &#x442;&#x440;&#x438;&#x433;&#x43E;&#x43D;&#x43E;&#x43C;&#x435;&#x442;&#x440;&#x438;&#x438;</subfield>
    <subfield code="e">(&#x421; &#x43F;&#x440;&#x438;&#x43B;. &#x442;&#x430;&#x431;&#x43B;. &#x442;&#x440;&#x438;&#x433;&#x43E;&#x43D;&#x43E;&#x43C;&#x435;&#x442;&#x440;. &#x432;&#x435;&#x43B;&#x438;&#x447;&#x438;&#x43D;)</subfield>
    <subfield code="f">&#x421;&#x43E;&#x441;&#x442;. &#x41F;.&#x412;. &#x41F;&#x440;&#x435;&#x43E;&#x431;&#x440;&#x430;&#x436;&#x435;&#x43D;&#x441;&#x43A;&#x438;&#x439;. &#x43F;&#x440;&#x435;&#x43F;. &#x41C;&#x43E;&#x441;&#x43A;. 4 &#x43A;&#x43B;&#x430;&#x441;&#x441;&#x438;&#x447;. &#x433;&#x438;&#x43C;&#x43D;&#x430;&#x437;&#x438;&#x438;</subfield>
  </datafield>
  <datafield tag="210" ind1=" " ind2=" ">
    <subfield code="a">&#x41C;&#x43E;&#x441;&#x43A;&#x432;&#x430;</subfield>
    <subfield code="c">&#x442;&#x438;&#x43F;. &#x410;.&#x410;. &#x41A;&#x430;&#x440;&#x446;&#x435;&#x432;&#x430;</subfield>
    <subfield code="d">1886</subfield>
  </datafield>
  <datafield tag="215" ind1=" " ind2=" ">
    <subfield code="a">[4], 70, 21 &#x441;.</subfield>
    <subfield code="c">&#x447;&#x435;&#x440;&#x442;.</subfield>
    <subfield code="d">22</subfield>
  </datafield>
  <datafield tag="311" ind1=" " ind2=" ">
    <subfield code="a">&#x41F;&#x440;&#x438;&#x43B;&#x43E;&#x436;&#x435;&#x43D;&#x438;&#x435;.-&#x41C;.:&#x442;&#x438;&#x43F;. &#x410;.&#x418;. &#x41C;&#x430;&#x43C;&#x43E;&#x43D;&#x442;&#x43E;&#x432;&#x430; &#x438; &#x41A;&#xB0;, &#x446;&#x435;&#x43D;&#x437;. 1886 (&#x448;&#x438;&#x444;&#x440;: 18.208.3.135)</subfield>
  </datafield>
  <datafield tag="421" ind1=" " ind2="0">
    <subfield code="1">1010#$arus</subfield>
    <subfield code="1">2001#$a&#x41F;&#x440;&#x438;&#x43B;&#x43E;&#x436;&#x435;&#x43D;&#x438;&#x435;$i&#x41E;&#x43F;&#x44B;&#x442; &#x442;&#x43E;&#x447;&#x43D;&#x43E;&#x439; &#x442;&#x440;&#x438;&#x433;&#x43E;&#x43D;&#x43E;&#x43C;&#x435;&#x442;&#x440;&#x438;&#x438;</subfield>
    <subfield code="1">210##$a&#x41C;&#x43E;&#x441;&#x43A;&#x432;&#x430;$c&#x442;&#x438;&#x43F;. &#x410;.&#x418;. &#x41C;&#x430;&#x43C;&#x43E;&#x43D;&#x442;&#x43E;&#x432;&#x430; &#x438; &#x41A;&#xB0;$d&#x446;&#x435;&#x43D;&#x437;. 1886</subfield>
    <subfield code="1">215##$a47-70 &#x441;.$c&#x447;&#x435;&#x440;&#x442;.</subfield>
    <subfield code="1">899##$aNLR$j18.208.3.135</subfield>
    <subfield code="1">899##$aRuMoRGB$jO 10/371</subfield>
    <subfield code="1">899##$aRuMoRGB$jO 9/322</subfield>
    <subfield code="1">899##$a&#x411;&#x410;&#x41D;</subfield>
    <subfield code="t">&#x41F;&#x440;&#x438;&#x43B;&#x43E;&#x436;&#x435;&#x43D;&#x438;&#x435;</subfield>
  </datafield>
  <datafield tag="464" ind1=" " ind2="0">
    <subfield code="1">2001#$a&#x422;&#x430;&#x431;&#x43B;&#x438;&#x446;&#x430; &#x442;&#x440;&#x438;&#x433;&#x43E;&#x43D;&#x43E;&#x43C;&#x435;&#x442;&#x440;&#x438;&#x447;&#x435;&#x441;&#x43A;&#x438;&#x445; &#x432;&#x435;&#x43B;&#x438;&#x447;&#x438;&#x43D;</subfield>
    <subfield code="t">&#x422;&#x430;&#x431;&#x43B;&#x438;&#x446;&#x430; &#x442;&#x440;&#x438;&#x433;&#x43E;&#x43D;&#x43E;&#x43C;&#x435;&#x442;&#x440;&#x438;&#x447;&#x435;&#x441;&#x43A;&#x438;&#x445; &#x432;&#x435;&#x43B;&#x438;&#x447;&#x438;&#x43D;</subfield>
  </datafield>
  <datafield tag="700" ind1=" " ind2="1">
    <subfield code="a">&#x41F;&#x440;&#x435;&#x43E;&#x431;&#x440;&#x430;&#x436;&#x435;&#x43D;&#x441;&#x43A;&#x438;&#x439;</subfield>
    <subfield code="b">&#x41F;.&#x412;.</subfield>
    <subfield code="f">1851-</subfield>
    <subfield code="g">&#x41F;&#x435;&#x442;&#x440; &#x412;&#x430;&#x441;&#x438;&#x43B;&#x44C;&#x435;&#x432;&#x438;&#x447;</subfield>
    <subfield code="4">220</subfield>
  </datafield>
  <datafield tag="801" ind1=" " ind2="0">
    <subfield code="a">RU</subfield>
    <subfield code="b">NLR</subfield>
    <subfield code="g">psbo</subfield>
  </datafield>
  <datafield tag="801" ind1=" " ind2="0">
    <subfield code="a">RU</subfield>
    <subfield code="b">RuMoRGB</subfield>
    <subfield code="2">psbo</subfield>
  </datafield>
  <datafield tag="801" ind1=" " ind2="1">
    <subfield code="a">RU</subfield>
    <subfield code="b">ProSoft-M</subfield>
    <subfield code="2">rusmarc</subfield>
  </datafield>
  <datafield tag="852" ind1=" " ind2=" ">
    <subfield code="a">NLR</subfield>
    <subfield code="j">18.191.2.3</subfield>
  </datafield>
  <datafield tag="899" ind1=" " ind2=" ">
    <subfield code="a">RuMoRGB</subfield>
    <subfield code="j">O 10/371</subfield>
  </datafield>
  <datafield tag="899" ind1=" " ind2=" ">
    <subfield code="a">RuMoRGB</subfield>
    <subfield code="j">O 9/322</subfield>
  </datafield>
  <datafield tag="899" ind1=" " ind2=" ">
    <subfield code="a">&#x411;&#x410;&#x41D;</subfield>
  </datafield>
  <datafield tag="942" ind1=" " ind2=" ">
    <subfield code="c">BOOK</subfield>
  </datafield>
  <datafield tag="980" ind1=" " ind2=" ">
    <subfield code="a">NB</subfield>
  </datafield>
  <datafield tag="995" ind1=" " ind2=" ">
    <subfield code="5">2013-10-26</subfield>
    <subfield code="b">NLR02</subfield>
    <subfield code="c">NLR02</subfield>
    <subfield code="e">RFS</subfield>
    <subfield code="f">4646919-10</subfield>
    <subfield code="k">18.191.2.3</subfield>
    <subfield code="o">0</subfield>
    <subfield code="r">BOOK</subfield>
    <subfield code="s">1819123_</subfield>
  </datafield>
  <datafield tag="995" ind1=" " ind2=" ">
    <subfield code="5">2013-10-26</subfield>
    <subfield code="b">NLR01</subfield>
    <subfield code="c">NLR01</subfield>
    <subfield code="e">TEMP</subfield>
    <subfield code="f">4646919-40</subfield>
    <subfield code="o">0</subfield>
    <subfield code="r">BOOK</subfield>
  </datafield>
</record>
